000 00467nam a2200169Ia 4500
005 20250424120332.0
008 250424s9999 xx 000 0 und d
022 _a9781783021383
050 _aHD 9578.R9 .O35/
245 4 _aThe oil & gas year: Nigeria 2016
260 _aNigeria
260 _bAmni international petroleum development company Ltd.
260 _c2016
300 _a184 p. :ill. ; 29 cm.
650 _aPetroleum industry and trade.
942 _cSR
999 _c38727
_d38727